000
00316nam a2200121Ia 4500
008
220204s9999 xx 000 0 und d
082
_a
678:532.13
_b
FER
100
_a
Ferry, John D
245
0
_a
Viscoelastic properties of polymers
260
_a
New York
_b
John Wiley
_c
1961
650
_a
Viscoelasticity
942
_c
BK
999
_c
20501
_d
20501